Electrical applications guide book (Record no. 11870)
[ view plain ]
| 000 -LEADER | |
|---|---|
| fixed length control field | 00196nam a22000977a 4500 |
| 082 ## - DEWEY DECIMAL CLASSIFICATION NUMBER | |
| Classification number | TRA |
| 100 ## - MAIN ENTRY--AUTHOR NAME | |
| Personal name | Traister John |
| 245 ## - TITLE STATEMENT | |
| Title | Electrical applications guide book |
| 300 ## - PHYSICAL DESCRIPTION | |
| Number of Pages | 1979 |
| 942 ## - ADDED ENTRY ELEMENTS (KOHA) | |
| Koha item type | Books |
| Withdrawn status | Lost status | Home library | Current library | Date acquired | Cost, normal purchase price | Full call number | Accession Number | Koha item type |
|---|---|---|---|---|---|---|---|---|
| Central Library, QUEST, Nawabshah | Central Library, QUEST, Nawabshah | 08/01/2015 | 257.00 | TRA | 5927 | Books |